VIII Premio de Poesía Rincón Poético. XIV Premio de Relatos Cortos. XVII Pregón de la Feria de la Manzanilla (Record no. 91818)
[ view plain ]
| 000 -LEADER | |
|---|---|
| campo de control de longitud fija | 00777nam a2200205 i 4500 |
| 001 - NÚMERO DE CONTROL | |
| campo de control | 91818 |
| 003 - IDENTIFICADOR DE NÚMERO DE CONTROL | |
| campo de control | ES-MaACL |
| 005 - FECHA Y HORA DE LA ÚLTIMA TRANSACCIÓN | |
| campo de control | 20230906180826.0 |
| 007 - CAMPO FIJO DE DESCRIPCIÓN FÍSICA--INFORMACIÓN GENERAL | |
| campo de control de longitud fija | t| |
| 008 - DATOS DE LONGITUD FIJA--INFORMACIÓN GENERAL | |
| campo de control de longitud fija | 050222s2004 sp ||||1| spa d |
| 080 ## - NÚMERO DE LA CLASIFICACIÓN DECIMAL UNIVERSAL | |
| Número de la Clasificación Decimal Universal | 821.134.2-32"19"(082.2) |
| 080 ## - NÚMERO DE LA CLASIFICACIÓN DECIMAL UNIVERSAL | |
| Número de la Clasificación Decimal Universal | 821.134.2-14"19"(082.2) |
| 245 00 - MENCIÓN DEL TÍTULO | |
| Título | VIII Premio de Poesía Rincón Poético. XIV Premio de Relatos Cortos. XVII Pregón de la Feria de la Manzanilla |
| Resto del título | : Ateneo de Sanlúcar, Sanlúcar de Bda., 2004. |
| 260 ## - PUBLICACIÓN, DISTRIBUCIÓN, ETC. | |
| Lugar de publicación, distribución, etc. | Sanlúcar de Barrameda : |
| Nombre del editor, distribuidor, etc. | Ateneo de Sanlúcar de Barrameda, |
| Fecha de publicación, distribución, etc. | 2004. |
| 300 ## - DESCRIPCIÓN FÍSICA | |
| Extensión | 83 p. ; |
| Dimensiones | 21 cm. |
| 650 #4 - PUNTO DE ACCESO ADICIONAL DE MATERIA--TÉRMINO DE MATERIA | |
| Término de materia o nombre geográfico como elemento de entrada | Novelas cortas españolas- |
| Subdivisión cronológica | S.XX. |
| 9 (RLIN) | 15633 |
| 650 #4 - PUNTO DE ACCESO ADICIONAL DE MATERIA--TÉRMINO DE MATERIA | |
| Término de materia o nombre geográfico como elemento de entrada | Poesías españolas- |
| Subdivisión cronológica | S.XX. |
| 9 (RLIN) | 16221 |
| 710 2# - ENTRADA AGREGADA--NOMBRE DE ENTIDAD CORPORATIVA | |
| Nombre de entidad corporativa o nombre de jurisdicción como elemento de entrada | Ateneo de Sanlúcar de Barrameda. |
| 9 (RLIN) | 2022 |
| 852 ## - LOCALIZACIÓN | |
| Ubicación | ES-MaACL |
| Número de control de estantería | L-28868 |
| Sublocalización o colección | R.135286 |
| Estatus retirado | Estado de pérdida | Estado de daño | No para préstamo | Biblioteca de origen | Biblioteca actual | Ubicación en estantería | Fecha de adquisición | Fuente de adquisición | Total de préstamos | Signatura topográfica completa | Código de barras | Visto por última vez | Precio de reemplazo | Tipo de ítem Koha |
|---|---|---|---|---|---|---|---|---|---|---|---|---|---|---|
| Biblioteca del Ateneo de Madrid | Biblioteca del Ateneo de Madrid | Depósito 2 | 17/01/2008 | L-28868 | 1095867 | 23/02/2023 | 23/02/2023 | Libro impreso |
